MARINA - Hermit the Frog - Statistics

General Stats
  • This quiz has been taken 163 times
  • The average score is 234 of 334
Answer Stats
Answer % Correct
I
96%
I,
96%
the
96%
he
95%
a
94%
oh
94%
me
93%
me?
93%
to
93%
in
92%
"you
92%
you
92%
so
91%
they
91%
Frog
90%
Hermit
90%
for
88%
he's
87%
bit
86%
call
86%
your
86%
dog
84%
find
84%
looking
84%
be
82%
bitch
82%
too
82%
him
81%
just
81%
like
81%
when
81%
an
80%
did
78%
and
77%
little
76%
it
75%
socially
74%
we
74%
you're
74%
of
73%
mind"
73%
mind
73%
of
73%
used
73%
kind
72%
kind"
72%
much
72%
dirty
71%
feel
70%
go
70%
say,
69%
yeah
69%
balloon
68%
glass
68%
my
68%
well
68%
on
67%
devil
66%
had
65%
heart
65%
let
64%
around
62%
I'm
61%
never
61%
whenever
61%
broke
60%
put
60%
abominable
59%
crown
59%
over
59%
soon
59%
such
59%
control
58%
ground
58%
wrong
58%
believing
57%
clowns
57%
damn
57%
down
57%
long
57%
was
57%
went
57%
give
56%
room
56%
room?
56%
slowly
56%
baby
55%
knew
55%
doctors
54%
fly
54%
girl
54%
burst,
53%
melt
53%
watered
53%
come,
52%
high,
52%
I've
52%
comin'
51%
double
51%
shattered
51%
keep
49%
can
48%
hard
48%
line
48%
she
48%
"she
48%
cross
47%
feelin'
47%
finding
47%
been
46%
secret
46%
tell
46%
static
45%
explosion
44%
love,
44%
take
44%
wanna
44%
fight
42%
standard
42%
time
41%
breathe
40%
his
40%
before
39%
comes
38%
head
38%
our
38%
says,
36%
bed
34%
make
33%
rest
33%
can't
32%
help
32%
hmm
32%
likes
32%
sometimes
29%
balloons
27%
ooh
27%
them
27%
people
26%
are
24%
No matching quizzes found
Score Distribution
Percent of People with Each Score
Percentile by Number Answered
Your Score History
You have not taken this quiz